Normal view
MARC view
Entry Topical Term
001 - CONTROL NUMBER
- control field: 26381
003 - CONTROL NUMBER IDENTIFIER
- control field: OSt
005 - DATE AND TIME OF LATEST TRANSACTION
- control field: 20260521144939.0
008 - FIXED-LENGTH DATA ELEMENTS
- fixed length control field: 260521|| aca||aabn | a|a d
040 ## - CATALOGING SOURCE
- Original cataloging agency: OSt
- Transcribing agency: OSt
150 ## - HEADING--TOPICAL TERM
- Topical term or geographic name entry element: 1. patient engagement
670 ## - SOURCE DATA FOUND
- Source citation: Work cat.: (OSt)22865: Meek mutheu lio 26380, selected extrinsic motivation factors as determinants of engagement in psychotherapy among clients: a case of mathari national teaching and referral hospital Nairobi kenya , 2024
